| 000 | 00772nam a2200277Ia 4500 | ||
|---|---|---|---|
| 001 | Z_2752 | ||
| 003 | CHAP | ||
| 008 | 220113s1992 xx 000 0 und d | ||
| 010 | _a165811 | ||
| 040 | _cCHAP | ||
| 082 | _a633.200973 S88 | ||
| 100 | 1 |
_aStubbendieck, James _eeditor _9110043 |
|
| 245 |
_aNorth American range plants / _cby James Stubbendieck, Stephan L. Hatch and Charles H. Butterfield |
||
| 260 |
_aLinconln : _bUniversity of Nebraska, _c1992 |
||
| 300 |
_a493 p. : _bilus. |
||
| 440 | _a | ||
| 500 | _aFotocopĂa | ||
| 503 | _a | ||
| 650 |
_aPlantas forrajeras _xE.U.A. I. Hatch, Stephan L II. Butterfield, Charles H III. t. _9138674 |
||
| 901 | _a633.200973 S88 | ||
| 902 | _aA | ||
| 910 | _a1992 | ||
| 942 | _c1 | ||
| 942 | _cc1 | ||
| 999 |
_c165811 _d165811 |
||